[Event "Superettan(Vaxjo-Schack 08)"]
[Site "?"]
[Date "2016.03.18"]
[Round "7"]
[White "Lekander, Rolf"]
[Black "Ingbrant, Johan"]
[Result "1/2-1/2"]
[WhiteElo "2224"]
[BlackElo "2369"]
[PlyCount "93"]
1. c4 Nf6 2. g3 c5 3. Bg2 e6 4. Nf3 d5 5. cxd5 Nxd5 6. Nc3 Nc6 7. O-O Be7 8. d4
O-O 9. Nxd5 exd5 10. dxc5 Bxc5 11. Ne1 Re8 12. Nd3 Bb6 13. Nf4 d4 14. b3 Bg4
15. h3 d3 16. Qxd3 Bxe2 17. Qxd8 Raxd8 18. Nxe2 Rxe2 19. Bf3 Ree8 20. Bf4 Nd4
21. Kg2 Nxf3 22. Kxf3 Rd3+ 23. Kg2 f6 24. Rae1 Rxe1 25. Rxe1 g5 26. Be3 Bxe3
27. Rxe3 Rxe3 28. fxe3 Kf7 29. Kf3 Ke6 30. e4 Ke5 31. Ke3 h5 32. Kd3 a5 33. Ke3
b5 34. Kd3 a4 35. bxa4 bxa4 36. Ke3 a3 37. Kd3 f5 38. exf5 Kxf5 39. Ke3 Ke5 40.
Kd3 Kd5 41. Ke3 Kc4 42. Ke4 Kc3 43. Ke3 Kb2 44. Kd2 Kxa2 45. Kc2 g4 46. h4 Ka1
47. Kc1 1/2-1/2

[Event "Superettan(Orgryte-Vasteras II)"]
[Site "?"]
[Date "2016.03.18"]
[Round "7"]
[White "Kretz, Johan"]
[Black "Aira, Johannes"]
[Result "1-0"]
[WhiteElo "2193"]
[BlackElo "2116"]
[PlyCount "71"]
[SourceDate "2016.04.04"]
1. d4 Nf6 2. c4 g6 3. Nc3 d5 4. cxd5 Nxd5 5. e4 Nxc3 6. bxc3 Bg7 7. Nf3 c5 8.
Rb1 O-O 9. Be2 Nc6 10. d5 Bxc3+ 11. Bd2 Bxd2+ 12. Qxd2 Nd4 13. Nxd4 cxd4 14.
Qxd4 e5 15. Qd2 Qh4 16. Bf3 f5 17. O-O fxe4 18. g3 Qe7 19. d6 Qf6 20. Bxe4 Rd8
21. Rfd1 Rb8 22. Qc3 Bf5 23. Bxf5 Qxf5 24. Rb5 Rf8 25. f4 Qg4 26. Qb3+ Kg7 27.
Rxe5 Rbd8 28. Re7+ Kh6 29. h3 Qxh3 30. Rd2 Rc8 31. Qb2 Qxg3+ 32. Rg2 Qxf4 33.
Qg7+ Kh5 34. Qxh7+ Qh6 35. Rh2+ Kg4 36. Qxh6 1-0

[Event "Superettan(Upsala-Rockaden,Umea)"]
[Site "?"]
[Date "2016.03.18"]
[Round "7"]
[White "Malmstig, Erik"]
[Black "Malm Lindberg, Henrik"]
[Result "1-0"]
[WhiteElo "2278"]
[BlackElo "2223"]
[PlyCount "211"]
1. Nf3 c5 2. c4 Nf6 3. g3 b6 4. Bg2 Bb7 5. O-O e6 6. d4 cxd4 7. Nxd4 Bxg2 8.
Kxg2 Qc8 9. Qa4 Be7 10. Nc3 O-O 11. Rd1 Qb7+ 12. Nf3 Ne4 13. Nxe4 Qxe4 14. Bf4
Nc6 15. Rxd7 Bf6 16. Rad1 Rfc8 17. R1d3 Qxe2 18. b3 Qe4 19. Re3 Qf5 20. Bc7 Ne7
21. Red3 Qe4 22. Bd8 Ng6 23. Bxf6 gxf6 24. R3d4 Qf5 25. Rxa7 Rxa7 26. Qxa7 e5
27. Rd7 Rf8 28. Rd6 Nf4+ 29. gxf4 Qg4+ 30. Kf1 Qxf3 31. Qxb6 exf4 32. Qc6 Qc3
33. Qd5 Re8 34. Qd3 Qe5 35. Rd8 Qe1+ 36. Kg2 f3+ 37. Kxf3 Qh1+ 38. Kg3 Qg1+ 39.
Kh3 Rxd8 40. Qxd8+ Kg7 41. Qd3 Kf8 42. Qd6+ Ke8 43. Qxf6 Qb1 44. Qe5+ Kf8 45.
Qb8+ Ke7 46. Qb4+ Ke8 47. Qd2 Qf5+ 48. Kg3 h5 49. Qf4 Qc2 50. Qe5+ Kf8 51. Qh8+
Ke7 52. Qxh5 Qxa2 53. Qc5+ Ke8 54. Qe3+ Kd7 55. h4 Qb1 56. Kf4 Qg6 57. Qd4+ Kc7
58. Qe5+ Kb6 59. Qb8+ Ka6 60. Qb5+ Ka7 61. h5 Qd6+ 62. Qe5 Qd1 63. Qe7+ Ka6 64.
Qf6+ Ka7 65. Qxf7+ Ka6 66. Qe6+ Ka7 67. Qe7+ Ka6 68. Qa3+ Kb7 69. Qb4+ Kc7 70.
Qa5+ Kc8 71. Qf5+ Kc7 72. Qc5+ Kb8 73. h6 Qc1+ 74. Qe3 Qh1 75. Qe5+ Ka7 76.
Qg7+ Ka6 77. h7 Qc1+ 78. Kf5 Qc2+ 79. Kg5 Qd2+ 80. f4 Qg2+ 81. Kf6 Qc6+ 82. Ke5
Qc7+ 83. Kf6 Qxf4+ 84. Ke6 Qe4+ 85. Kf7 Qb7+ 86. Kg8 Qc8+ 87. Qf8 Qg4+ 88. Kf7
Qh5+ 89. Kg8 Qg6+ 90. Kh8 Ka5 91. Qa3+ Kb6 92. Qb4+ Ka6 93. Qb5+ Ka7 94. Qa4+
Kb7 95. Qb5+ Ka7 96. Qd7+ Ka6 97. Qd8 Kb7 98. c5 Qf7 99. Qb6+ Ka8 100. Qa6+ Kb8
101. Qd6+ Kc8 102. Qa6+ Kb8 103. Qd6+ Kc8 104. b4 Kb7 105. c6+ Kb6 106. Qc5+
1-0

[Event "Superettan(Vaxjo-Schack 08)"]
[Site "?"]
[Date "2016.03.18"]
[Round "7"]
[White "Drugge, Patrick"]
[Black "Gutzmann, Tobias"]
[Result "1-0"]
[WhiteElo "2188"]
[BlackElo "2155"]
[PlyCount "104"]
1. e4 c5 2. Nc3 Nc6 3. g3 g6 4. Bg2 Bg7 5. d3 d6 6. f4 e6 7. Nf3 Nge7 8. O-O
O-O 9. Be3 b6 10. d4 Ba6 11. Re1 Rc8 12. Qd2 Na5 13. Bf2 Qc7 14. dxc5 bxc5 15.
b3 Nac6 16. Rad1 Rfd8 17. Ne2 Rb8 18. g4 Qa5 19. Qxa5 Nxa5 20. c4 Nb7 21. Bh4
Re8 22. e5 dxe5 23. Nxe5 g5 24. Bg3 Bxe5 25. fxe5 Na5 26. Nc3 Bb7 27. Bxb7 Nxb7
28. Ne4 Red8 29. Nxg5 Nc6 30. Rf1 Nd4 31. Ne4 a5 32. Nf6+ Kg7 33. Rde1 a4 34.
Bh4 Rdc8 35. Nd7 Ra8 36. Nb6 axb3 37. axb3 Nxb3 38. Nxc8 Rxc8 39. Rb1 N7a5 40.
Be1 Rd8 41. Rf2 Rd3 42. Rfb2 Kg6 43. Kg2 Kg5 44. h3 h5 45. gxh5 Kxh5 46. Rc2
Nc6 47. Rc3 Rxc3 48. Bxc3 Nbd4 49. Bxd4 cxd4 50. Rb6 Nxe5 51. Rb5 f6 52. Rxe5+
fxe5 1-0

[Event "Superettan(Orgryte-Vasteras II)"]
[Site "?"]
[Date "2016.03.18"]
[Round "7"]
[White "Eksmyr, Johan"]
[Black "Orndahl, Markus"]
[Result "1-0"]
[WhiteElo "2172"]
[BlackElo "2164"]
[PlyCount "111"]
1. d4 d5 2. Bg5 g6 3. Nf3 Bg7 4. e3 Nf6 5. Nbd2 O-O 6. Ne5 c5 7. c3 Nfd7 8.
Nxd7 Qxd7 9. Bh4 e5 10. dxc5 Qc7 11. b4 b6 12. cxb6 axb6 13. Bb5 d4 14. cxd4
exd4 15. O-O dxe3 16. fxe3 Qc3 17. Qe2 Qxb4 18. Rf4 Qc5 19. Ne4 Qe5 20. Bf6
Bxf6 21. Nxf6+ Kg7 22. Raf1 Bf5 23. Nh5+ Kh8 24. a4 Ra7 25. Ng3 Be6 26. Re4 Qg7
27. Qd2 Nd7 28. Qd6 Nc5 29. Ref4 Rfa8 30. Bc6 Rc8 31. Bb5 Rb7 32. Ne2 Rbb8 33.
Nd4 Rd8 34. Qe7 f5 35. Qxg7+ Kxg7 36. Nc6 Rbc8 37. Nxd8 Rxd8 38. Rd4 Rxd4 39.
exd4 Nb3 40. Rd1 Bd5 41. Kf2 Kf6 42. g3 g5 43. Ke3 h5 44. Be8 h4 45. gxh4 f4+
46. Kd3 gxh4 47. Rf1 Bc4+ 48. Kxc4 Nd2+ 49. Kb5 Nxf1 50. Kxb6 Nd2 51. Bb5 Nb3
52. a5 Nxd4 53. Bf1 Nf5 54. a6 Ne3 55. Bh3 Nd5+ 56. Kb7 1-0

[Event "Superettan(Upsala-Rockaden,Umea)"]
[Site "?"]
[Date "2016.03.18"]
[Round "7"]
[White "Nilsson, Joakim"]
[Black "Eriksson, Jorgen"]
[Result "0-1"]
[WhiteElo "2082"]
[BlackElo "2206"]
[PlyCount "114"]
1. d4 d5 2. Nf3 c6 3. g3 Bf5 4. Bg2 Nf6 5. O-O e6 6. c4 Be7 7. Nc3 h6 8. Qb3
Qb6 9. c5 Qxb3 10. axb3 Na6 11. Ne5 Nc7 12. b4 Nd7 13. Bf4 g5 14. Nxd7 gxf4 15.
Ne5 fxg3 16. hxg3 h5 17. Rfd1 Rg8 18. Bf3 Bg4 19. Kg2 f6 20. Nd3 Kf7 21. Rh1
Rg5 22. Nf4 e5 23. dxe5 fxe5 24. Nxh5 Rh8 25. Bxg4 Rxg4 26. f4 a6 27. Kf3 Rhg8
28. Rag1 Ne6 29. e3 d4 30. exd4 exf4 31. Ne2 fxg3 32. Nhxg3 Nxd4+ 33. Nxd4 Rxd4
34. Rh7+ Kf8 35. Rf1 Rd7 36. Nf5 Rc7 37. Nh6 Rg6 38. Ke4+ Ke8 39. Rh8+ Kd7 40.
Rd1+ Ke6 41. Re1 Bf6 42. Re8+ Kd7 43. Kf5 Rxh6 44. R8e6 Rc8 45. Rd1+ Kc7 46.
Rdd6 Rf8 47. Rxf6 Rfxf6+ 48. Rxf6 Rh4 49. Rf7+ Kb8 50. b5 axb5 51. Ke5 Rh5+ 52.
Kd4 Rd5+ 53. Kc3 Rxc5+ 54. Kb4 Rc1 55. Ka5 Ka7 56. Rf3 Rc4 57. b3 b6# 0-1

[Event "Superettan(Vaxjo-Schack 08)"]
[Site "?"]
[Date "2016.03.18"]
[Round "7"]
[White "Lindahl, Emil"]
[Black "Schutz, Ingemar"]
[Result "1-0"]
[WhiteElo "2229"]
[BlackElo "2213"]
[PlyCount "77"]
1. d4 Nf6 2. Bg5 Ne4 3. Bf4 c5 4. f3 Qa5+ 5. c3 Nf6 6. d5 d6 7. e4 g6 8. Na3
Qc7 9. Nb5 Qb6 10. a4 Nbd7 11. Qd2 Bg7 12. h4 h5 13. Nh3 O-O 14. Be2 Ne5 15.
Nf2 a6 16. Na3 Bd7 17. Bxe5 dxe5 18. Nc4 Qc7 19. a5 Be8 20. g4 Rd8 21. Nb6 e6
22. c4 exd5 23. cxd5 hxg4 24. fxg4 Nd7 25. Nc4 f5 26. gxf5 gxf5 27. exf5 Rxf5
28. Rg1 Nf6 29. d6 Qf7 30. Ng4 Nxg4 31. Rxg4 Rf4 32. Nxe5 Rd4 33. Nxf7 Rxd2 34.
Rxg7+ Kxg7 35. Nxd8 Rxd6 36. Nxb7 Rd4 37. Nxc5 Rxh4 38. Kd2 Rh2 39. Ke3 1-0

[Event "Superettan(Orgryte-Vasteras II)"]
[Site "?"]
[Date "2016.03.18"]
[Round "7"]
[White "Nordebrink, Johan"]
[Black "Lauritzson, Peter"]
[Result "1/2-1/2"]
[WhiteElo "2147"]
[BlackElo "2098"]
[PlyCount "185"]
1. e4 c5 2. c3 Nf6 3. e5 Nd5 4. d4 cxd4 5. Nf3 Nc6 6. cxd4 d6 7. Bc4 e6 8. O-O
Be7 9. Qe2 O-O 10. Rd1 a6 11. Nc3 Nxc3 12. bxc3 b5 13. Bd3 Bb7 14. Qe4 g6 15.
Bh6 Re8 16. Qf4 dxe5 17. dxe5 Qc7 18. Be4 f5 19. exf6 Qxf4 20. Bxf4 Bxf6 21.
Rd7 Bxc3 22. Rc1 Nd4 23. Nxd4 Bxe4 24. Rxc3 e5 25. Bg5 exd4 26. Rcc7 Bd5 27. h4
Rac8 28. Rxc8 Rxc8 29. Rxd5 Rc4 30. Rd7 Ra4 31. Bf6 d3 32. Rxd3 Kf7 33. Bg5
Rxa2 34. Kh2 Ke6 35. Kg3 b4 36. Kf3 a5 37. Bd2 b3 38. Bxa5 b2 39. Rb3 Ra3 40.
Rxa3 b1=Q 41. Re3+ Kf7 42. Bc3 h5 43. Kg3 Qb5 44. Be5 Qd7 45. f3 Qd2 46. Bf4
Qd5 47. Bg5 Qc4 48. Re4 Qf1 49. Rf4+ Kg7 50. Bf6+ Kf7 51. Bd4+ Ke7 52. Kh2 Qd3
53. Bc5+ Ke6 54. Re4+ Kf7 55. Be3 Qc2 56. Kh3 Qb1 57. g4 hxg4+ 58. Kxg4 Qc2 59.
Kg5 Qd3 60. Bd4 Qd2+ 61. Kg4 Qg2+ 62. Kf4 Qd2+ 63. Be3 Qd6+ 64. Kg4 Qd7+ 65.
Kg3 Qd5 66. Bg5 Qd3 67. Bf4 Qc2 68. Re5 Qd3 69. h5 gxh5 70. Rxh5 Kg6 71. Re5
Kf6 72. Re4 Kf5 73. Re5+ Kf6 74. Kg4 Qd7+ 75. Kh4 Qh7+ 76. Rh5 Qd3 77. Be5+ Ke6
78. f4 Qf3 79. Rh6+ Kf5 80. Rf6+ Ke4 81. Kg5 Qg3+ 82. Kh6 Qh4+ 83. Kg7 Qg4+ 84.
Kf8 Qc8+ 85. Kf7 Qd7+ 86. Kg6 Qg4+ 87. Kh6 Qh4+ 88. Kg7 Qg4+ 89. Rg6 Qd7+ 90.
Kh8 Qe8+ 91. Rg8 Qf7 92. Rg7 Qe8+ 93. Kh7 1/2-1/2

[Event "Superettan(Upsala-Rockaden,Umea)"]
[Site "?"]
[Date "2016.03.18"]
[Round "7"]
[White "Nygren, David"]
[Black "Cederberg, Karl Olof"]
[Result "0-1"]
[WhiteElo "2175"]
[BlackElo "2179"]
[PlyCount "176"]
1. e4 d6 2. d4 Nf6 3. Nc3 e5 4. f4 exd4 5. Qxd4 Be7 6. Nf3 O-O 7. Bd3 Nc6 8.
Qf2 Nb4 9. O-O Nxd3 10. cxd3 c5 11. h3 b6 12. g4 Ba6 13. Rd1 Bb7 14. Re1 Re8
15. f5 Nd7 16. g5 Bf8 17. Bf4 Ne5 18. Rad1 Qd7 19. Bxe5 dxe5 20. Qg3 b5 21. Ne2
Qc7 22. Qh4 g6 23. Ng3 c4 24. Nh2 cxd3 25. Ng4 Bg7 26. Rf1 Qc5+ 27. Kh1 Qc4 28.
Nh6+ Kh8 29. fxg6 fxg6 30. Nf7+ Kg8 31. Nd6 Qd4 32. Nxb7 Qb6 33. Rxd3 Qxb7 34.
Qg4 Re7 35. Rfd1 Rae8 36. Rd7 Qc6 37. R7d6 Qc8 38. Rd7 Qc6 39. h4 Bf8 40. R7d5
a6 41. Rd6 Qc2 42. h5 Rg7 43. R6d2 Qc5 44. Rf1 Qc8 45. Qf3 Bb4 46. Qb3+ Qc4 47.
Qxc4+ bxc4 48. Rc2 Rc8 49. h6 Rd7 50. Rf6 Be7 51. Re6 Bxg5 52. Rxa6 Bxh6 53.
Nh5 Rd4 54. Nf6+ Kf7 55. Ng4 Bf4 56. Ra7+ Ke6 57. Rxh7 Rxe4 58. Nf2 Rd4 59. Rg7
Kf6 60. Rh7 e4 61. Re2 Re8 62. Rh4 g5 63. Rh7 e3 64. Kg2 Kg6 65. Ra7 Red8 66.
Ng4 Rd2 67. Ra6+ Kf5 68. Kf3 R8d6 69. Rxd6 Rxd6 70. Nxe3+ Bxe3 71. Rxe3 g4+ 72.
Ke2 Kf4 73. Rc3 Rd4 74. a4 g3 75. Rf3+ Kg4 76. Rf8 Kh3 77. Kf1 Rd1+ 78. Ke2 Rb1
79. Rb8 g2 80. Rh8+ Kg3 81. Rg8+ Kf4 82. Kf2 Rxb2+ 83. Kg1 c3 84. Rf8+ Ke5 85.
Re8+ Kd5 86. Rd8+ Kc4 87. Rc8+ Kb4 88. Rb8+ Ka3 0-1

[Event "Superettan(Vaxjo-Schack 08)"]
[Site "?"]
[Date "2016.03.18"]
[Round "7"]
[White "Ottenklev, Niclas"]
[Black "Sevastianov, Andrii"]
[Result "0-1"]
[WhiteElo "2204"]
[BlackElo "2153"]
[PlyCount "132"]
1. e4 e5 2. Nf3 Nc6 3. d4 exd4 4. Bc4 Bc5 5. c3 Nf6 6. cxd4 Bb4+ 7. Bd2 Bxd2+
8. Nbxd2 d5 9. exd5 Nxd5 10. Qe2+ Be6 11. Bb5 Ndb4 12. Rc1 O-O 13. a3 a6 14.
Bxc6 Nxc6 15. Qd3 Qd7 16. O-O Rad8 17. Nb3 Qd5 18. Nc5 Bf5 19. Qc3 Bc8 20. Nxa6
Nxd4 21. Nxd4 bxa6 22. Nc6 Rd7 23. Qg3 Bb7 24. Nb4 Qb5 25. Rc2 Rd6 26. f3 a5
27. Na2 Qb3 28. Qf2 Qxa2 29. Rxc7 Qb3 30. Kh1 Rc6 31. Re7 Rc2 32. Qa7 Rxb2 33.
Qxa5 Qa2 34. Qg5 Rb6 35. Rg1 Qxa3 36. Qe3 Qxe3 37. Rxe3 Bd5 38. h3 g6 39. Rge1
Rfb8 40. Kh2 Kg7 41. Rc3 Rb2 42. Rd1 Be6 43. Re1 Rd2 44. Ra3 Rbb2 45. Rg1 h5
46. h4 Rd4 47. Kg3 Rb3 48. Rxb3 Bxb3 49. Rb1 Be6 50. Rb2 Ra4 51. Rd2 Ra2 52.
Rd4 Rc2 53. Re4 Bc4 54. Re1 Kf6 55. Ra1 Ke5 56. Rd1 f6 57. Rb1 Kd4 58. Rd1+ Ke3
59. Re1+ Be2 60. Ra1 f5 61. Rb1 f4+ 62. Kh3 Kf2 63. Rb6 Rc1 64. Kh2 Rg1 65.
Rxg6 Bxf3 66. Rg5 Bxg2 0-1

[Event "Superettan(Orgryte-Vasteras II)"]
[Site "?"]
[Date "2016.03.18"]
[Round "7"]
[White "Fransson, Percy"]
[Black "Backman, Andreas"]
[Result "0-1"]
[WhiteElo "2121"]
[BlackElo "2149"]
[PlyCount "80"]
1. e4 e6 2. d3 d5 3. Nd2 c5 4. Ngf3 Nc6 5. g3 Bd6 6. Bg2 Nge7 7. O-O O-O 8. Re1
Qc7 9. c3 Rb8 10. a3 a5 11. a4 b6 12. Qc2 Ba6 13. Bf1 d4 14. c4 Ng6 15. Nb1 f5
16. Ng5 Rbe8 17. f4 fxe4 18. Rxe4 e5 19. Bh3 Bc8 20. Qe2 Bxh3 21. Nxh3 Qd7 22.
Qh5 Be7 23. Na3 Rf5 24. Qe2 Rff8 25. Kg2 Bd8 26. fxe5 Rxe5 27. Bf4 Rxe4 28.
Qxe4 Re8 29. Qf3 Nb4 30. Rf1 Qe6 31. Rf2 Qf5 32. Rd2 Rf8 33. Nb5 Ne5 34. Qb7
Nexd3 35. Nd6 Ne1+ 36. Kf1 Qxh3+ 37. Kxe1 d3 38. Qe4 Bc7 39. Rxd3 Nxd3+ 40.
Qxd3 Qe6+ 0-1

[Event "Superettan(Upsala-Rockaden,Umea)"]
[Site "?"]
[Date "2016.03.18"]
[Round "7"]
[White "Svensson, Mans"]
[Black "Johansson, David"]
[Result "1-0"]
[WhiteElo "2135"]
[BlackElo "2144"]
[PlyCount "75"]
1. d4 Nf6 2. c4 c5 3. d5 e6 4. Nc3 exd5 5. cxd5 d6 6. e4 g6 7. f3 Bg7 8. Bg5 h6
9. Be3 a6 10. a4 Nbd7 11. Nh3 Ne5 12. Nf2 Qc7 13. Qd2 Rb8 14. Be2 Bd7 15. a5 g5
16. O-O Ng6 17. Rfc1 Nh5 18. Na4 O-O 19. Nb6 Bb5 20. Bd1 Rbe8 21. Ra3 Qe7 22.
b4 cxb4 23. Qxb4 Nhf4 24. Bd4 Ne5 25. Rac3 Qf6 26. Kh1 Qg6 27. Bxe5 Bxe5 28.
Rc7 Qh5 29. g3 Nd3 30. Nxd3 Bxg3 31. Qb2 Bxd3 32. Nd7 f6 33. Nxf8 Rxf8 34. Rc8
Be5 35. Rxf8+ Kxf8 36. Rc8+ Kg7 37. Qxb7+ Qf7 38. Rc7 1-0

[Event "Superettan(Vaxjo-Schack 08)"]
[Site "?"]
[Date "2016.03.18"]
[Round "7"]
[White "Moren, Bjorn"]
[Black "Arvidsson, Tomas"]
[Result "1/2-1/2"]
[WhiteElo "2119"]
[BlackElo "1993"]
[PlyCount "131"]
1. e4 c5 2. Nc3 Nc6 3. g3 g6 4. Bg2 Bg7 5. d3 e6 6. f4 Nge7 7. Nf3 d5 8. O-O
O-O 9. Qe2 Nd4 10. Qf2 b6 11. Ne5 Bb7 12. a4 Nec6 13. Nxc6 Bxc6 14. e5 f6 15.
exf6 Bxf6 16. Kh1 a6 17. Nd1 Qd7 18. a5 b5 19. Ne3 b4 20. Bd2 Rab8 21. Rae1 Rb5
22. c3 Nb3 23. Ng4 Nxa5 24. Ne5 Qd6 25. Nxc6 Nxc6 26. c4 dxc4 27. dxc4 Bd4 28.
Qe2 Ra5 29. Qxe6+ Qxe6 30. Rxe6 Nd8 31. Re2 Ra2 32. Bd5+ Kg7 33. Re7+ Kf6 34.
Rfe1 Rxb2 35. Bc1 Rf2 36. g4 Rf1+ 37. Kg2 Rxe1 38. Rxe1 b3 39. f5 gxf5 40. Bh6
Rf7 41. Bxf7 Nxf7 42. Be3 Ke5 43. Bf2+ Kd6 44. Rb1 a5 45. Rxb3 fxg4 46. Bg3+
Ke6 47. Rb8 Ng5 48. Be1 Ne4 49. Bxa5 Nd6 50. Rb6 Kd7 51. Be1 h5 52. Bf2 Kc7 53.
Ra6 h4 54. Ra7+ Kb6 55. Bxd4 cxd4 56. Rh7 Nxc4 57. Rxh4 Kc5 58. Kf2 Ne3 59. Ke2
Kc4 60. Rh8 Kc3 61. Rd8 Nc4 62. Rd7 Ne5 63. Rc7+ Nc4 64. Rd7 Ne5 65. Rc7+ Nc4
66. Rd7 1/2-1/2

[Event "Superettan(Kamraterna-Rockaden,SthlmII)"]
[Site "?"]
[Date "2016.03.18"]
[Round "7"]
[White "Hedman, Erik"]
[Black "Andreasson, Ingvar"]
[Result "1/2-1/2"]
[WhiteElo "2349"]
[BlackElo "2375"]
[PlyCount "113"]
[SourceDate "2016.04.05"]
1. d4 Nf6 2. c4 c5 3. d5 b5 4. cxb5 a6 5. bxa6 g6 6. Nc3 Bxa6 7. e4 Bxf1 8.
Kxf1 d6 9. Nf3 Bg7 10. g3 O-O 11. Kg2 Nbd7 12. a4 Rb8 13. Qc2 Rb4 14. Re1 Qa8
15. Ra3 e6 16. dxe6 fxe6 17. Ng5 Ng4 18. f4 Re8 19. h3 h6 20. Nf3 Ngf6 21. Nb5
Qc6 22. Nxd6 Qxd6 23. e5 Qf8 24. exf6 Qxf6 25. Rd3 Qf5 26. g4 Qf7 27. Red1 Nf8
28. Qxc5 Rxa4 29. Ne5 Qb7+ 30. Qc6 Qxc6+ 31. Nxc6 Ra1 32. b4 Rea8 33. Be3 Rxd1
34. Rxd1 Ra3 35. Bc5 Rb3 36. Rd8 g5 37. f5 exf5 38. Ne7+ Kf7 39. Nxf5 Ne6 40.
Rd7+ Kg6 41. Rd6 Kf7 42. Rxe6 Kxe6 43. Nxg7+ Ke5 44. Nf5 h5 45. Bd4+ Ke4 46. b5
hxg4 47. hxg4 Kf4 48. b6 Kxg4 49. Nd6 Kh4 50. b7 g4 51. Bf6+ Kh5 52. Bd8 Rb2+
53. Kg3 Rb3+ 54. Kg2 Rb2+ 55. Kf1 Rb1+ 56. Kf2 Rb2+ 57. Kg1 1/2-1/2

[Event "Superettan(Malmo-Solna)"]
[Site "?"]
[Date "2016.03.18"]
[Round "7"]
[White "Valmana Canto, Jaime"]
[Black "Jobava, Baadur"]
[Result "0-1"]
[WhiteElo "2431"]
[BlackElo "2673"]
[PlyCount "82"]
1. d4 Nf6 2. c4 g6 3. g3 Bg7 4. Bg2 d6 5. Nc3 O-O 6. Nf3 Nc6 7. O-O Bf5 8. d5
Na5 9. Nd2 c6 10. e4 Bg4 11. f3 Bd7 12. Qe2 Rc8 13. Rd1 cxd5 14. cxd5 b5 15.
Qf2 b4 16. Ne2 Ba4 17. b3 Nd7 18. Nd4 Nc5 19. Bf1 Bd7 20. Bb2 e5 21. dxe6 fxe6
22. Rac1 Qe7 23. Qe3 Nab7 24. Nc4 Rf7 25. Bg2 Qf8 26. Qe1 Bh6 27. Rc2 e5 28.
Ne2 Rxf3 29. Nc1 Bc6 30. Bxf3 Qxf3 31. Rf2 Qxe4 32. Qxe4 Nxe4 33. Re2 Ng5 34.
h4 Nf3+ 35. Kf1 Rf8 36. Rf2 e4 37. Bd4 Nxd4 38. Rxd4 Rxf2+ 39. Kxf2 Bxc1 40.
Nxd6 Nxd6 41. Rxd6 e3+ 0-1

[Event "Superettan(Kamraterna-Rockaden,SthlmII)"]
[Site "?"]
[Date "2016.03.18"]
[Round "7"]
[White "Aberg, Anton"]
[Black "Berovski, Krum"]
[Result "1-0"]
[WhiteElo "2382"]
[BlackElo "2316"]
[PlyCount "54"]
1. d4 Nf6 2. Bg5 Ne4 3. Bf4 d5 4. e3 c5 5. Bd3 Qb6 6. Bxe4 dxe4 7. Nc3 cxd4 8.
exd4 Bf5 9. Nge2 e6 10. d5 Bb4 11. O-O Bxc3 12. Nxc3 O-O 13. Rb1 Rd8 14. Qh5
Bg6 15. Qh4 Nd7 16. Rfd1 Nf8 17. Be3 Qa6 18. Rd2 Kh8 19. Rbd1 exd5 20. Rxd5
Rxd5 21. Rxd5 f6 22. h3 Re8 23. Qg3 Bf7 24. Rd4 Qb6 25. Rd7 Qe6 26. Rxb7 a5 27.
Qc7 Kg8 1-0

[Event "Superettan(Kamraterna-Orgryte)"]
[Site "?"]
[Date "2016.02.27"]
[Round "6"]
[White "Aira, Johannes"]
[Black "Aberg, Anton"]
[Result "1/2-1/2"]
[WhiteElo "2116"]
[BlackElo "2382"]
[PlyCount "148"]
1. e4 c6 2. d4 d5 3. Nc3 dxe4 4. Nxe4 Nd7 5. Ng5 Ngf6 6. Bd3 e6 7. N1f3 Bd6 8.
Qe2 h6 9. Ne4 Nxe4 10. Qxe4 Nf6 11. Qe2 b6 12. Bd2 Bb7 13. Ne5 Qc7 14. f4 O-O-O
15. a4 Nd5 16. O-O f6 17. Ng6 Rhe8 18. a5 b5 19. c4 bxc4 20. Bxc4 Qf7 21. Qd3
Kb8 22. a6 Bc8 23. Rac1 Nb6 24. f5 Nxc4 25. Qxc4 Qc7 26. Qa4 Bxh2+ 27. Kh1 Rd6
28. Ba5 Qd7 29. Kxh2 exf5 30. Bd2 Rxd4 31. Bf4+ Ka8 32. Qxc6+ Qxc6 33. Rxc6 Ra4
34. Rfc1 Bxa6 35. Rc7 Rb4 36. R1c2 Ree4 37. Bd6 Rb6 38. Rd7 Re8 39. b4 Bb5 40.
Re7 Rxe7 41. Rc8+ Kb7 42. Rb8+ Kc6 43. Rxb6+ axb6 44. Bxe7 Kd7 45. Bf8 Ke8 46.
Bd6 Kf7 47. Nh4 Bd3 48. Bc7 b5 49. Nf3 Ke6 50. Bd8 f4 51. Kg1 g5 52. Kf2 h5 53.
Nd4+ Ke5 54. Nf3+ Ke6 55. Nd4+ Ke5 56. Nf3+ Kf5 57. Nd4+ Kg6 58. Kf3 h4 59. Be7
Bc4 60. Bd8 Bd5+ 61. Kf2 g4 62. Bc7 Kg5 63. Kg1 g3 64. Nf3+ Kg4 65. Nxh4 Kxh4
66. Bxf4 Kg4 67. Bd6 f5 68. Bc5 f4 69. Bd6 Kf5 70. Bc7 Ke4 71. Bd6 Ke3 72. Bc5+
Ke2 73. Bd6 Bxg2 74. Bxf4 Bd5 1/2-1/2

[Event "Superettan(Kamraterna-Orgryte)"]
[Site "?"]
[Date "2016.02.27"]
[Round "6"]
[White "Hamark, Jesper"]
[Black "Lauritzson, Peter"]
[Result "0-1"]
[WhiteElo "2325"]
[BlackElo "2098"]
[PlyCount "178"]
1. d4 Nf6 2. Nf3 g6 3. c4 Bg7 4. Nc3 d5 5. e3 O-O 6. Be2 c5 7. dxc5 Qa5 8. O-O
dxc4 9. Qd4 Nfd7 10. Qxc4 Qxc5 11. Qh4 Nc6 12. Rd1 Nde5 13. Ng5 h6 14. Nge4 Qa5
15. f4 f5 16. Nf2 Nf7 17. e4 Be6 18. exf5 gxf5 19. Be3 Rad8 20. Rac1 Nd6 21.
Qg3 Nc4 22. Bxc4 Bxc4 23. h3 Kh7 24. b3 Rxd1+ 25. Nfxd1 Bf7 26. Qf2 e5 27. fxe5
Nxe5 28. Rc2 Bg6 29. b4 Qxb4 30. Rb2 Qc4 31. Rxb7 Nd3 32. Qd2 f4 33. Bxa7 Rf7
34. Rxf7 Qxf7 35. Bb6 f3 36. a4 fxg2 37. Qxg2 Qe6 38. a5 Qe1+ 39. Qf1 Qg3+ 40.
Qg2 Qe1+ 41. Qf1 Bxc3 42. Qxe1 Bxe1 43. a6 Be4 44. a7 Nf4 45. Kf1 Bh4 46. Nf2
Bxf2 47. Kxf2 Nxh3+ 48. Kg3 Ng5 49. Kh4 Kg6 50. Be3 Bb7 51. Bb6 Nf3+ 52. Kg4
h5+ 53. Kh3 Kf5 54. Bc7 Bc6 55. Bd8 Ke6 56. Kg3 Kd7 57. Bb6 Kc8 58. Bf2 Kb7 59.
Kf4 Nd2 60. Kg5 Bf3 61. Kf4 Bg4 62. Bc5 Nc4 63. Kg3 Na5 64. Kh4 Nc6 65. Kg3
Nxa7 66. Be7 Kc6 67. Bd8 Kd5 68. Kf4 Nc6 69. Bf6 Nd4 70. Be7 Ne6+ 71. Kg3 Ke4
72. Bf6 Nd4 73. Bd8 Nf5+ 74. Kf2 Nd4 75. Kg3 Nf5+ 76. Kf2 Bd1 77. Ke1 Ba4 78.
Kf2 Kf4 79. Kg2 Kg4 80. Kh2 Nh4 81. Be7 Nf3+ 82. Kg2 Ng5 83. Kh2 h4 84. Bd8 Bc6
85. Bc7 Nf3+ 86. Kh1 h3 87. Bb8 Bb5 88. Bg3 Bf1 89. Bf2 Bg2# 0-1

[Event "Superettan(Schack 08-Upsala)"]
[Site "?"]
[Date "2016.02.27"]
[Round "6"]
[White "Schutz, Ingemar"]
[Black "Malm Lindberg, Henrik"]
[Result "1-0"]
[WhiteElo "2213"]
[BlackElo "2223"]
[PlyCount "73"]
[EventDate "2016.??.??"]
1. e4 c5 2. Nf3 e6 3. d4 cxd4 4. Nxd4 Nf6 5. Nc3 d6 6. Bc4 Be7 7. Bb3 Na6 8. f4
Nc5 9. f5 e5 10. Nde2 b5 11. Bg5 Ncxe4 12. Nxe4 Nxe4 13. Bxf7+ Kf8 14. Bxe7+
Qxe7 15. Bd5 Bb7 16. O-O Rd8 17. Bxe4 Bxe4 18. Ng3 Bc6 19. Qg4 Rg8 20. Rf2 d5
21. Raf1 Rd6 22. Nh5 Rf6 23. Nxf6 gxf6 24. Qh4 Rg5 25. c3 a5 26. Rf3 Qc5+ 27.
Kh1 h5 28. Rg3 Qc4 29. Qxc4 bxc4 30. Rxg5 fxg5 31. Re1 e4 32. Kg1 Ke7 33. Kf2
Kf6 34. Ke3 Kxf5 35. Kd4 Ke6 36. Rf1 Ba4 37. Rf8 1-0

[Event "Superettan(Kamraterna-Orgryte)"]
[Site "?"]
[Date "2016.02.27"]
[Round "6"]
[White "Fransson, Patrick"]
[Black "Madebrink, Lars"]
[Result "0-1"]
[WhiteElo "2108"]
[BlackElo "2215"]
[PlyCount "142"]
1. d4 d5 2. Bg5 c6 3. c3 Bf5 4. e3 h6 5. Bf4 Nf6 6. Bd3 Bxd3 7. Qxd3 e6 8. Nd2
Bd6 9. Bg3 Qe7 10. Ne2 Nbd7 11. c4 O-O 12. f4 c5 13. Bh4 cxd4 14. exd4 dxc4 15.
Nxc4 Bb4+ 16. Nc3 Rfd8 17. O-O Nb6 18. Nxb6 axb6 19. Kh1 Bc5 20. Ne2 Rd5 21.
Qc4 b5 22. Qb3 Bxd4 23. Nxd4 Rxd4 24. Bxf6 Qxf6 25. f5 b4 26. fxe6 Qxe6 27. Qf3
Qd5 28. h3 Re8 29. Qxd5 Rxd5 30. Rf4 Re2 31. b3 Rdd2 32. Rg1 Rxa2 33. Rxb4 Re7
34. Rc1 h5 35. Rc8+ Kh7 36. Rc5 g6 37. Rcb5 Re1+ 38. Kh2 Ree2 39. Rg5 Kh6 40.
h4 f6 41. Rg3 Re7 42. Rd3 Rae2 43. Rd6 R2e4 44. Rdb6 f5 45. Kh3 Rxb4 46. Rxb4
Re3+ 47. Kh2 Re4 48. Rxb7 Rxh4+ 49. Kg3 Rd4 50. Rb6 h4+ 51. Kf3 Kg5 52. Ke3 Rg4
53. Kf2 Rg3 54. Rb4 Rc3 55. Rb6 h3 56. gxh3 Rxh3 57. Ke2 f4 58. b4 Kf5 59. Rb8
g5 60. b5 Rh2+ 61. Kd3 Kg4 62. b6 Rb2 63. b7 f3 64. Ke3 Rb4 65. Kf2 Rb3 66. Ke1
Rb2 67. Kd1 f2 68. Rf8 Kg3 69. Rf5 g4 70. b8=Q+ Rxb8 71. Ke2 Re8+ 0-1

[Event "Superettan(Schack 08-Upsala)"]
[Site "?"]
[Date "2016.02.27"]
[Round "6"]
[White "Johansson, Carl Fredrik"]
[Black "Ottenklev, Niclas"]
[Result "1-0"]
[WhiteElo "2170"]
[BlackElo "2204"]
[PlyCount "53"]
[EventDate "2016.??.??"]
1. d4 d5 2. c4 e6 3. Nc3 c6 4. e4 dxe4 5. Nxe4 Bb4+ 6. Bd2 Qxd4 7. Bxb4 Qxe4+
8. Be2 Na6 9. Ba5 Bd7 10. Qd6 Nf6 11. O-O-O Qf5 12. Bc3 O-O-O 13. Bd3 Qc5 14.
Qf4 e5 15. Qxe5 Ng4 16. Qxc5 Nxc5 17. Nh3 Be6 18. Be2 Ne4 19. Bxg7 Rhg8 20.
Rxd8+ Kxd8 21. Bd4 c5 22. Bf3 cxd4 23. Bxe4 Bxc4 24. Rd1 Bxa2 25. Rxd4+ Kc7 26.
Rb4 b6 27. b3 1-0